000 00264nam a22001217a 4500
008 181005b xxu||||| |||| 00| 0 eng d
041 _aeng
080 _a541
100 _a12
101 _aKIM
245 _aThe Eesentials Chemistry
_cFogiel.M
942 _2udc
_cBK
999 _c48873
_d48873